| Tag |
First Indicator |
Second Indicator |
Subfields |
| LEADER |
00000cam a2200000Ma 4500 |
| 001 |
in00000075009 |
| 005 |
20231130193921.0 |
| 008 |
821013s1979 mau b 000 0 eng d |
| 019 |
|
|
|a 5934194
|
| 029 |
1 |
|
|a AU@
|b 000004844841
|
| 035 |
|
|
|a (OCoLC)ocm13971955
|
| 035 |
|
|
|a (OCoLC)13971955
|z (OCoLC)5934194
|
| 035 |
|
|
|a (OCoLC)ocm13971955
|
| 040 |
|
|
|a UBY
|b eng
|c UBY
|d FLL
|d OCLCQ
|d OCLCO
|d OCLCA
|d OCLCF
|d OCLCO
|d OCLCQ
|d TXI
|d OCLCQ
|d OCLCO
|
| 043 |
|
|
|a n-us---
|
| 050 |
|
4 |
|a HT166
|b .H373x D79-13
|
| 100 |
1 |
|
|a Pickrell, Don H.
|
| 245 |
1 |
0 |
|a Land use zoning as transport regulation /
|c Don H. Pickrell, Donald C. Shoup.
|
| 260 |
|
|
|a Cambridge, Mass. :
|b Dept. of City and Regional Planning, Harvard University,
|c 1979.
|
| 300 |
|
|
|a 29 pages ;
|c 28 cm.
|
| 336 |
|
|
|a text
|b txt
|2 rdacontent
|
| 337 |
|
|
|a unmediated
|b n
|2 rdamedia
|
| 338 |
|
|
|a volume
|b nc
|2 rdacarrier
|
| 490 |
1 |
|
|a Urban Planning Policy Analysis and Administration
|
| 490 |
1 |
|
|a Discussion paper / Dept. of City and Regional Planning, Harvard University ;
|v D79-13
|
| 504 |
|
|
|a Includes bibliographical references (pages 28-29).
|
| 650 |
|
0 |
|a Urban transportation
|z United States.
|
| 650 |
|
0 |
|a Land use, Urban
|z United States.
|
| 650 |
|
0 |
|a Parking lots
|z United States.
|
| 650 |
|
0 |
|a Zoning
|z United States.
|
| 650 |
|
6 |
|a Transports urbains
|z États-Unis.
|
| 650 |
|
6 |
|a Utilisation urbaine du sol
|z États-Unis.
|
| 650 |
|
6 |
|a Parcs de stationnement
|z États-Unis.
|
| 650 |
|
6 |
|a Zonage
|z États-Unis.
|
| 650 |
|
7 |
|a Land use, Urban.
|2 fast
|0 (OCoLC)fst00991631
|
| 650 |
|
7 |
|a Parking lots.
|2 fast
|0 (OCoLC)fst01053672
|
| 650 |
|
7 |
|a Urban transportation.
|2 fast
|0 (OCoLC)fst01162609
|
| 650 |
|
7 |
|a Zoning.
|2 fast
|0 (OCoLC)fst01184615
|
| 651 |
|
7 |
|a United States.
|2 fast
|0 (OCoLC)fst01204155
|
| 700 |
1 |
|
|a Shoup, Donald C.
|
| 776 |
0 |
8 |
|i Online version:
|a Pickrell, Don H.
|t Land use zoning as transport regulation.
|d Cambridge, Mass. : Dept. of City and Regional Planning, Harvard University, 1979
|w (OCoLC)988152075
|
| 830 |
|
0 |
|a Urban Planning Policy Analysis and Administration.
|
| 830 |
|
0 |
|a Discussion paper (Harvard University. Department of City and Regional Planning) ;
|v D79-13.
|
| 948 |
|
|
|h HELD BY TXA - 40 OTHER HOLDINGS
|
| 994 |
|
|
|a Z0
|b TXA
|
| 999 |
f |
f |
|s 6aaae58b-8982-31d4-95e5-cd3666647f81
|i 9629906f-fe75-3a84-87dc-85907b181bb4
|t 0
|
| 952 |
f |
f |
|p ric
|a Texas A&M University
|b Rellis Campus
|c Joint Library Facility
|d Remote Storage
|t 0
|e HE305 .P54
|h Library of Congress classification
|i unmediated -- volume
|m A14806132585
|
| 998 |
f |
f |
|a HE305 .P54
|t 0
|l Remote Storage
|